লোডিং...

Density ratio estimation in machine learning

গ্রন্থ-পঞ্জীর বিবরন
প্রধান লেখক: Sugiyama Masashi
অন্যান্য লেখক: Suzuki, Taiji, Kanamori, Takafumi
বিন্যাস: বৈদ্যুতিন গ্রন্থ
ভাষা:English
প্রকাশিত: Cambridge Cambridge University Press 2012
বিষয়গুলি:
অনলাইন ব্যবহার করুন:http://ebooks.cambridge.org/ebook.jsf?bid=CBO9781139035613
LEADER 00713 a2200181 4500
005 20151026133250.0
008 130716b xxu||||| |||| 00| 0 eng d
020 |a 9781139035613 
100 |a Sugiyama Masashi  
245 |a Density ratio estimation in machine learning  |c Masashi Sugiyama, Taiji Suzuki and Takafumi Kanamori  
260 |c 2012  |b Cambridge University Press  |a Cambridge 
653 |a Pattern Recognition and Machine Learning  
700 |a  Suzuki, Taiji  
700 |a Kanamori, Takafumi  
856 |u http://ebooks.cambridge.org/ebook.jsf?bid=CBO9781139035613 
942 |c EB  |6 _ 
999 |c 66744  |d 66744 
952 |0 0  |1 0  |2 udc  |4 0  |6 _  |7 0  |9 79012  |a UL  |b UL  |d 2013-05-07  |g 0.00  |p EB000103  |r 2013-05-07  |v 0.00  |w 2013-05-07  |y EB